Fascist Italy and the Middle East, 1933-40 / (Record no. 16444)

MARC details
000 -LEADER
fixed length control field 01832cam a2200337 a 4500
001 - CONTROL NUMBER
control field 16119502
005 - DATE AND TIME OF LATEST TRANSACTION
control field 20101210080702.0
008 - FIXED-LENGTH DATA ELEMENTS--GENERAL INFORMATION
fixed length control field 100304s2010 enkab b 001 0deng
020 ## - INTERNATIONAL STANDARD BOOK NUMBER
International Standard Book Number 9780230231603 (hbk. : alk. paper)
020 ## - INTERNATIONAL STANDARD BOOK NUMBER
International Standard Book Number 0230231608 (hbk. : alk. paper)
035 ## - SYSTEM CONTROL NUMBER
System control number (OCoLC)ocn548583319
040 ## - CATALOGING SOURCE
Original cataloging agency DLC
Transcribing agency DLC
Modifying agency UKM
-- BTCTA
-- YDXCP
-- BWK
-- C#P
-- BWX
-- CDX
-- ERASA
-- DLC
082 00 - DEWEY DECIMAL CLASSIFICATION NUMBER
Classification number 327.4505609043
Edition number 22
Item number ARI
100 1# - MAIN ENTRY--PERSONAL NAME
Personal name Arielli, Nir,
Dates associated with a name 1975-
9 (RLIN) 28817
245 10 - TITLE STATEMENT
Title Fascist Italy and the Middle East, 1933-40 /
Statement of responsibility, etc Nir Arielli.
260 ## - PUBLICATION, DISTRIBUTION, ETC. (IMPRINT)
Place of publication, distribution, etc Houndmills, Basingstoke, Hampshire ;
-- New York :
Name of publisher, distributor, etc Palgrave Macmillan,
Date of publication, distribution, etc 2010.
300 ## - PHYSICAL DESCRIPTION
Extent xii, 257 p. :
Other physical details ill., maps ;
Dimensions 23 cm.
504 ## - BIBLIOGRAPHY, ETC. NOTE
Bibliography, etc Includes bibliographical references and index.
505 0# - FORMATTED CONTENTS NOTE
Formatted contents note Continuity and change : Italy and the Middle East, 1870-1934 -- In the shadow of Ethiopia, 1935-June 1936 -- The protector of Islam, June 1936-March 1938 -- Italy and the Arab revolt in Palestine, 1936-9 -- Unattractive policies, April 1938-May 1940 -- The optimistic summer, June-October 1940.
600 10 - SUBJECT ADDED ENTRY--PERSONAL NAME
Personal name Mussolini, Benito,
Dates associated with a name 1883-1945
General subdivision Political and social views.
9 (RLIN) 28818
650 #0 - SUBJECT ADDED ENTRY--TOPICAL TERM
Topical term or geographic name as entry element Fascism
Geographic subdivision Italy
General subdivision History
Chronological subdivision 20th century.
9 (RLIN) 28819
651 #0 - SUBJECT ADDED ENTRY--GEOGRAPHIC NAME
Geographic name Italy
General subdivision Foreign relations
Geographic subdivision Middle East.
9 (RLIN) 28820
651 #0 - SUBJECT ADDED ENTRY--GEOGRAPHIC NAME
Geographic name Middle East
General subdivision Foreign relations
Geographic subdivision Italy.
9 (RLIN) 28821
651 #0 - SUBJECT ADDED ENTRY--GEOGRAPHIC NAME
Geographic name Italy
General subdivision Foreign relations
Chronological subdivision 1922-1945.
9 (RLIN) 28822
651 #0 - SUBJECT ADDED ENTRY--GEOGRAPHIC NAME
Geographic name Italy
General subdivision Politics and government
Chronological subdivision 1922-1945.
9 (RLIN) 28823
651 #0 - SUBJECT ADDED ENTRY--GEOGRAPHIC NAME
Geographic name Middle East
General subdivision Politics and government
Chronological subdivision 1914-1945.
9 (RLIN) 28824
653 ## - INDEX TERM--UNCONTROLLED
Resource For college
Arrived date list February2012
942 ## - ADDED ENTRY ELEMENTS (KOHA)
Source of classification or shelving scheme Dewey Decimal Classification
Item type Book - Borrowing
Holdings
Withdrawn status Item status Source of classification or shelving scheme Damaged status Not for loan Vendor Home library Current library Shelving location Date acquired Source of acquisition Cost, normal purchase price Serial Enumeration / chronology Total Checkouts Total Renewals Full call number Barcode Date last seen Date last borrowed Koha item type
    Dewey Decimal Classification     MERIC Central Library Central Library First floor 12/02/2012   666.00 13168 2 5 327.4505609043 ARI 000026086 23/10/2025 16/10/2025 Book - Borrowing